| 000 | 00889nam a22002537a 4500 | ||
|---|---|---|---|
| 999 |
_c18664 _d18664 |
||
| 001 | 13755263 | ||
| 003 | OSt | ||
| 005 | 20201008112258.0 | ||
| 008 | 160805b xxu||||| |||| 00| 0 eng d | ||
| 010 | _a 2004024730 | ||
| 020 | _a0316160172 | ||
| 040 |
_aMMU _cMMU _dMMU _beng |
||
| 050 | 0 | 0 |
_aPZ7.M5718 _b 2005 |
| 100 | 1 |
_aMeyer, Stephenie, _d1973- |
|
| 245 | 1 | 0 |
_aTwilight / _cStephenie Meyer. |
| 250 | _a1st ed. | ||
| 260 |
_aNew York : _bLittle, Brown and Co., _c2005. |
||
| 300 |
_a498 p. ; _c22 cm. |
||
| 520 | _aWhen seventeen-year-old Bella leaves Phoenix to live with her father in Forks, Washington, she meets an exquisitely handsome boy at school for whom she feels an overwhelming attraction and who she comes to realize is not wholly human. | ||
| 650 | 1 |
_aVampires _vFiction. |
|
| 650 | 1 |
_aHigh schools _vFiction. |
|
| 650 | 1 |
_aSchools _vFiction. |
|
| 942 |
_2lcc _cLOAN LOAN |
||